000 00902nam a2200253 a 4500
001 34082
003 BD-RJUL
005 20211209052113.0
008 140514t1970 nyuab 001 0 eng d
020 _a080140570X
035 _a(BD-RJUL)34176
040 _aDLC
_cDLC
_dm.c
_dEUX
_dBD-RjuL
_beng
041 _aeng
082 _a301.350954923
_bRAR 1970
100 1 _aRaper, Arthur Franklin,
_d1899-1979
_9103594
245 1 0 _aRural development in action :
_bthe comprehensive experiment at Comilla, East Pakistan /
_cby Arthur F. Raper ; assisted by Harry L. Case ... [et al.]
260 _aIthaca ;
_aLondon :
_bCornell University Press,
_c1970.
300 _axx, 351 p. :
_bill., ;
_c23 cm
504 _aIncludes bibliographical reference and index.
650 0 _aCommunity development
_zPakistan
_zComilla (Thana)
_9103595
942 _2ddc
_cBK
999 _c34082
_d34082